zpět

Detail výsledku týmu

Kayak Beach Bar , Praha

Datum a čas kvízu

31 Celkem bodů Celkový počet nahraných bodů na tomto kvízu bez doplňovacích otázek.
5. Pořadí na kvízu Konečné umístění týmu na tomto kvízu.

Zaznamenané odpovědi

# Otázka Odpověď Body Výsledky
1. Frankenstein nebo Babica, tak... Bruntálu 0
2. K oslavám Díkůvzdání, které pr... milost (život) 1
3. Agentura AP minulý týden zveře... rapu 1
4. Která automobilka představila... Škoda Auto 0
5. Za který tým hrál minulý týden... Arsenal 0
6. Seřaďte tyto ostrovy dle rozlo... 1C 2A 3D 4B 0
7. Nyní přiřaďte ostrovy ke států... 1A 2C 3B 4D 1
8. Kterému ostrovnímu středomořsk... Kypr 0
9. Nyní si odskočíme ke kinematog... Řek Zorba, Anthony Quinn 1
10. Ke kterému středomořskému ostr... Elba 0